| 000 | 00931nam a22002537a 4500 | ||
|---|---|---|---|
| 001 | 6139 | ||
| 003 | FISKH | ||
| 005 | 20250318123233.0 | ||
| 008 | 250318b cb ||||| |||| 00| 0 eng d | ||
| 020 | _a9789381087268 | ||
| 040 |
_aFISKH _beng _cFISKH _dFISKH |
||
| 050 | _aPZ7 | ||
| 082 | _a976.73 | ||
| 100 | _aPerritano, John | ||
| 245 |
_aGettysburg : _bIncredible facts and photos / _cBy John Perritano |
||
| 260 |
_bLeopard Learning ; _c2013. |
||
| 300 |
_a32 pages : _bcolor illustrations , maps ; _c26 cm . |
||
| 490 | _aAmerica at war | ||
| 520 | _aThe American Civil War tore apare the United States, threatening the future of a great nation. When the armies of the North and Shouth met in the small town of Gettysburg, Pennsylvania, the state was set for the bloodiest battle in America's history. | ||
| 650 |
_aCivil War _vNon-fiction |
||
| 700 |
_aCohn, Jessica _eEditor |
||
| 942 |
_2ddc _cBK _n0 |
||
| 999 |
_c6139 _d6139 |
||